<?xml version="1.0" encoding="UTF-8"?>
<record
    xmlns:xsi="http://www.w3.org/2001/XMLSchema-instance"
    xsi:schemaLocation="http://www.loc.gov/MARC21/slim http://www.loc.gov/standards/marcxml/schema/MARC21slim.xsd"
    xmlns="http://www.loc.gov/MARC21/slim">

  <leader>01067nam2a2200229   4500</leader>
  <controlfield tag="001">rc\2973853</controlfield>
  <controlfield tag="005">20260315061817.0</controlfield>
  <datafield tag="035" ind1=" " ind2=" ">
    <subfield code="a">(NLR Aleph) 007119709</subfield>
  </datafield>
  <datafield tag="090" ind1=" " ind2=" ">
    <subfield code="a">13608317</subfield>
    <subfield code="c">13608317</subfield>
  </datafield>
  <datafield tag="100" ind1=" " ind2=" ">
    <subfield code="a">20110908d1939    u  y0rusy50      ca</subfield>
  </datafield>
  <datafield tag="101" ind1="0" ind2=" ">
    <subfield code="a">rus</subfield>
  </datafield>
  <datafield tag="102" ind1=" " ind2=" ">
    <subfield code="a">RU</subfield>
  </datafield>
  <datafield tag="105" ind1=" " ind2=" ">
    <subfield code="a">y   z   |||||</subfield>
  </datafield>
  <datafield tag="200" ind1="1" ind2=" ">
    <subfield code="a">&#x438;&#x437;&#x434;&#x430;&#x43D;&#x438;&#x44F; 1938 &#x433;.</subfield>
  </datafield>
  <datafield tag="210" ind1=" " ind2=" ">
    <subfield code="d">1939</subfield>
  </datafield>
  <datafield tag="215" ind1=" " ind2=" ">
    <subfield code="a">1, [1] in recto.</subfield>
  </datafield>
  <datafield tag="461" ind1=" " ind2="0">
    <subfield code="1">001rc\2973852</subfield>
    <subfield code="1">2001#$a&#x421;&#x432;&#x43E;&#x434;&#x43A;&#x430; ... &#x438;&#x437;&#x43C;&#x435;&#x440;&#x435;&#x43D;&#x438;&#x439; &#x432; "&#x421;&#x43F;&#x440;&#x430;&#x432;&#x43E;&#x447;&#x43D;&#x438;&#x43A;&#x435; &#x43F;&#x43E; &#x441;&#x43E;&#x440;&#x442;&#x438;&#x440;&#x43E;&#x432;&#x43A;&#x435; &#x43A;&#x43E;&#x440;&#x440;&#x435;&#x441;&#x43F;&#x43E;&#x43D;&#x434;&#x435;&#x43D;&#x446;&#x438;&#x438; &#x432; &#x41C;&#x43E;&#x441;&#x43A;&#x432;&#x443; ...$eN 2-$f&#x41D;&#x430;&#x440;. &#x43A;&#x43E;&#x43C;. &#x441;&#x432;&#x44F;&#x437;&#x438; &#x421;&#x43E;&#x44E;&#x437;&#x430; &#x421;&#x421;&#x420;. &#x41C;&#x43E;&#x441;&#x43A;. &#x43F;&#x43E;&#x447;&#x442;&#x430;&#x43C;&#x442;$vN 2</subfield>
    <subfield code="9">6850394</subfield>
    <subfield code="a">&#x41C;&#x43E;&#x441;&#x43A;&#x43E;&#x432;&#x441;&#x43A;&#x438;&#x439; &#x43F;&#x43E;&#x447;&#x442;&#x430;&#x43C;&#x442;</subfield>
    <subfield code="c">&#x41C;&#x43E;&#x441;&#x43A;&#x432;&#x430;</subfield>
    <subfield code="d">1939</subfield>
    <subfield code="f">&#x41D;&#x430;&#x440;. &#x43A;&#x43E;&#x43C;. &#x441;&#x432;&#x44F;&#x437;&#x438; &#x421;&#x43E;&#x44E;&#x437;&#x430; &#x421;&#x421;&#x420;. &#x41C;&#x43E;&#x441;&#x43A;. &#x43F;&#x43E;&#x447;&#x442;&#x430;&#x43C;&#x442;</subfield>
    <subfield code="n">&#x411;. &#x438;.</subfield>
    <subfield code="o">N 2-</subfield>
    <subfield code="t">&#x421;&#x432;&#x43E;&#x434;&#x43A;&#x430; ... &#x438;&#x437;&#x43C;&#x435;&#x440;&#x435;&#x43D;&#x438;&#x439; &#x432; "&#x421;&#x43F;&#x440;&#x430;&#x432;&#x43E;&#x447;&#x43D;&#x438;&#x43A;&#x435; &#x43F;&#x43E; &#x441;&#x43E;&#x440;&#x442;&#x438;&#x440;&#x43E;&#x432;&#x43A;&#x435; &#x43A;&#x43E;&#x440;&#x440;&#x435;&#x441;&#x43F;&#x43E;&#x43D;&#x434;&#x435;&#x43D;&#x446;&#x438;&#x438; &#x432; &#x41C;&#x43E;&#x441;&#x43A;&#x432;&#x443; ...</subfield>
    <subfield code="v">N 2</subfield>
  </datafield>
  <datafield tag="801" ind1=" " ind2="0">
    <subfield code="a">RU</subfield>
    <subfield code="b">NLR</subfield>
    <subfield code="g">psbo</subfield>
  </datafield>
  <datafield tag="801" ind1=" " ind2="1">
    <subfield code="a">RU</subfield>
    <subfield code="b">ELAR</subfield>
    <subfield code="2">rusmarc</subfield>
  </datafield>
  <datafield tag="852" ind1=" " ind2=" ">
    <subfield code="a">NLR</subfield>
    <subfield code="j">39-17/419</subfield>
  </datafield>
  <datafield tag="942" ind1=" " ind2=" ">
    <subfield code="c">UNSPEC</subfield>
  </datafield>
  <datafield tag="980" ind1=" " ind2=" ">
    <subfield code="a">NB</subfield>
  </datafield>
</record>
